Szczegóły MARC21

Feminism and youth culture : from 'Jackie' to 'Just Seventeen' /

003 -Nazwa inst., której nr kontr. jest w polu 001 [,]
    • @
    • Nazwa instytucji, której n kontrolny jest w polu 001
    • NUKAT
005 -DATA I CZAS OSTATNIEJ MODYFIKACJI [,]
    • @
    • pole kontrolne
    • 20251013125359.0
020 -Międzynarod. znormalizowany nr książki - ISBN [ , ]
    • q
    • Dopowiedzenie
    • (hardcover)
    • z
    • Błędny ISBN (P)
    • 0333452631 Find
020 -Międzynarod. znormalizowany nr książki - ISBN [ , ]
    • a
    • Numer ISBN
    • 033345264X Find
    • q
    • Dopowiedzenie
    • (paperback ;
    • q
    • Dopowiedzenie
    • oprawa miękka)
040 -Instytucja sporządzająca opis [ , ]
    • a
    • Instytucja, która sporządziła opis (NP)
    • OLSZT 003/BT
    • b
    • Język katalogowania
    • pol
    • e
    • Zasady katalogowania
    • rda
    • c
    • Instytucja, która sporządziła rekord (NP)
    • OLSZT 003/BT
    • d
    • Instytucja, która zmodyfikowała rekord (P)
    • OLSZT 003/DKs
    • d
    • Instytucja, która zmodyfikowała rekord (P)
    • KR U/63TgZ
    • d
    • Instytucja, która zmodyfikowała rekord (P)
    • CZĘST 010/IC
942 -Rodzaj dokumentu [ , ]
    • c
    • Rodzaj dokumentu
    • Książka
100 -Hasło główne - nazwa osobowa [1, ]
    • a
    • Nazwa osobowa (NP)
    • McRobbie, Angela
    • d
    • Daty biograficzne (NP)
    • (1951- ).
    • e
    • Rodzaj współpracy
    • Autor
    • 9
    • KHW
    • 607754
245 -Strefa tytułu i oznaczenia odpowiedzialności [1,0]
    • a
    • Tytuł
    • Feminism and youth culture : Find
    • b
    • Ciąg dalszy tytułu (NP)
    • from 'Jackie' to 'Just Seventeen' / Find
    • c
    • Pozostałe elementy strefy tytułu i oznaczenia odpowiedzialności (NP)
    • Angela McRobbie.
260 -Strefa adresu wydawniczego [ , ]
    • a
    • Miejsce wydania (P)
    • Houndmills ;
    • a
    • Miejsce wydania (P)
    • Basingstoke ;
    • a
    • Miejsce wydania (P)
    • Hampshire :
    • b
    • Nazwa wydawcy (P)
    • Macmillan Press,
    • c
    • Data wydania (P)
    • copyright 1991.
300 -Strefa opisu fizycznego [ , ]
    • a
    • Określenie formy książki i/lub objętość (NP)
    • XX, 255 stron ;
    • c
    • Format (NP)
    • 22 cm.
336 -Typ zawartości [ , ]
    • a
    • Termin opisujący typ zawartości
    • Tekst
    • b
    • Kod określający zawartość
    • txt
    • 2
    • Źródło (terminu i kodu)
    • rdacontent
337 -Typ mediów [ , ]
    • a
    • Tryb odtwarzania
    • Bez urządzenia pośredniczącego
    • b
    • Kod typu mediów
    • n
    • 2
    • Źródło (terminu i kodu)
    • rdamedia
338 -Typ/rodzaj nośnika [ , ]
    • a
    • Hasło opisujące typ nośnika
    • Wolumin
    • b
    • Kod typu nośnika
    • nc
    • 2
    • Źródło (terminu i kodu)
    • rdacarrier
380 -Deskryptor - Forma dzieła (P) [ , ]
    • a
    • forma dzieła (NP)
    • Książki
380 -Deskryptor - Forma dzieła (P) [ , ]
    • a
    • forma dzieła (NP)
    • Publikacje naukowe
388 -Deskryptor - czas powstania dzieła (P) [1, ]
    • a
    • Czas powstania dzieła (NP)
    • 1901-2000
490 -Strefa serii i książki wielotomowej - forma nie do wyszukiwania [1, ]
    • a
    • Tytuł (P)
    • Youth Questions Find
830 -Hasło dodatkowe serii i opisu książki wielotomowej - tytuł ujednolicony/tytuł [ ,0]
    • a
    • Tytuł ujednolicony/tytuł (NP)
    • Youth Questions
    • 9
    • KHW
    • 607755
500 -Uwaga ogólna [ , ]
    • a
    • Uwaga ogólna (NP)
    • Bibliografia przy rozdziałach. Indeks.
650 -Hasło przedmiotowe [ ,7]
    • a
    • Hasło przedmiotowe
    • Feminizm
    • z
    • Określnik geograficzny
    • Wielka Brytania.
    • 2
    • Źródło terminu
    • kaba
    • 9
    • KHW
    • 607836
650 -Hasło przedmiotowe [ ,7]
    • a
    • Hasło przedmiotowe
    • Nastolatki (dziewczęta) w kulturze masowej.
    • 2
    • Źródło terminu
    • kaba
    • 9
    • KHW
    • 151358
650 -Hasło przedmiotowe [ ,7]
    • a
    • Hasło przedmiotowe
    • Kultura masowa
    • z
    • Określnik geograficzny
    • Wielka Brytania
    • y
    • Określnik chronologiczny
    • 1945-.
    • 2
    • Źródło terminu
    • kaba
    • 9
    • KHW
    • 607347
650 -Hasło przedmiotowe [ ,7]
    • a
    • Hasło przedmiotowe
    • Prasa kobieca angielska
    • z
    • Określnik geograficzny
    • Wielka Brytania
    • y
    • Określnik chronologiczny
    • 20 w
    • x
    • Określnik rzeczowy
    • historia i krytyka.
    • 2
    • Źródło terminu
    • kaba
    • 9
    • KHW
    • 607837
650 -Hasło przedmiotowe [ ,7]
    • a
    • Hasło przedmiotowe
    • Nastolatki (dziewczęta)
    • z
    • Określnik geograficzny
    • Wielka Brytania
    • x
    • Określnik rzeczowy
    • sytuacja społeczna.
    • 2
    • Źródło terminu
    • kaba
    • 9
    • KHW
    • 607839
650 -Hasło przedmiotowe [ ,7]
    • a
    • Hasło przedmiotowe
    • Matki nastoletnie
    • z
    • Określnik geograficzny
    • Wielka Brytania
    • x
    • Określnik rzeczowy
    • sytuacja społeczna.
    • 2
    • Źródło terminu
    • kaba
    • 9
    • KHW
    • 607838
650 -Hasło przedmiotowe [ ,7]
    • a
    • Hasło przedmiotowe
    • Pracownice
    • z
    • Określnik geograficzny
    • Wielka Brytania
    • x
    • Określnik rzeczowy
    • sytuacja społeczna.
    • 2
    • Źródło terminu
    • kaba
    • 9
    • KHW
    • 607840
650 -Hasło przedmiotowe [ ,7]
    • a
    • Hasło przedmiotowe
    • Nastolatki
    • 2
    • Źródło terminu
    • DBN
    • 9
    • KHW
    • 727836
650 -Hasło przedmiotowe [ ,7]
    • a
    • Hasło przedmiotowe
    • Kultura masowa
    • 2
    • Źródło terminu
    • DBN
    • 9
    • KHW
    • 732091
650 -Hasło przedmiotowe [ ,7]
    • a
    • Hasło przedmiotowe
    • Feminizm
    • 2
    • Źródło terminu
    • DBN
    • 9
    • KHW
    • 722716
650 -Hasło przedmiotowe [ ,7]
    • a
    • Hasło przedmiotowe
    • Prawa kobiet
    • 2
    • Źródło terminu
    • DBN
    • 9
    • KHW
    • 722112
650 -Hasło przedmiotowe [ ,7]
    • a
    • Hasło przedmiotowe
    • Kobieta
    • 2
    • Źródło terminu
    • DBN
    • 9
    • KHW
    • 720912
651 -Hasło przedmiotowe w formie nazwy geograficznej [ ,7]
    • a
    • Nazwa geograficzna
    • Wielka Brytania
    • 2
    • Źródło terminu
    • DBN
    • 9
    • KHW
    • 722363
655 -Hasło w funkcji tematu formalnego [ ,7]
    • a
    • Hasło
    • Publikacje naukowe
    • 2
    • Źródło terminu
    • DBN
    • 9
    • KHW
    • 721446
658 -Ujęcie treści [ , ]
    • a
    • dziedzina nauki i sztuki/ sfera aktywności życiowej
    • Socjologia i społeczeństwo
710 -Hasło dodatkowe - nazwa ciała zbiorowego [2, ]
    • a
    • Nazwa ciała zbiorowego lub nazwa geograficzna jako pierwszy element (NP)
    • Macmillan Press.
    • e
    • Rodzaj współpracy
    • Wydawca
    • 4
    • Kod relacji
    • pbl
    • 9
    • KHW
    • 81338
920 -ISBN [ , ]
    • z
    • Błędny ISBN
    • 0-333-45263-1 (hardcover) Find
920 -ISBN [ , ]
    • a
    • ISBN
    • 0-333-45264-X (paperback ; oprawa miękka) Find
Sygnatura Status udost. Numer inwentarzowy Lokalizacja Data inwentaryzacji Uwagi nie widoczne w OPAC
Ang. Gender studies 19-3BC.1655BM R002002996
ANG. Gender studies 081A.7622BM2006-05-19